00990nam a2200265 i 450000100060000000300090000600500170001500700030003200800410003502000180007608000330009408000230012710000490015024500830019926000300028230000410031249000190035360000490037265100780042170000370049983000270053685200220056399900170058595201220060218241ES-MaACL20260301183651.0t|011010s2001 sp af |||| |dspa j a84-87863-92-2 a929 Armada, Alfonso (047.53) a946.0"1981"(093.3)1 aCuenca Toribio, José Manuel,d1939-94200710aConversaciones con Alfonso Armada b: el 23F / cJosé Manuel Cuenca Toribio. aMadrid : bActas, c2001. a254 p., [24] p. de lám. ; c24 cm.1 aActas/historia14aArmada, Alfonso, d1920-vEntrevistas922900 4aEspaña-xHistoria-y1981, Golpe de Estado-vRelatos personales.91553211 aArmada, Alfonso, d1920-91491110 aActas/historia9222886 aES-MaACLjL-24954 c18241d18241 00104070aATENEOMbATENEOMcDEPO2d2008-01-17eSCl0oL-24954p1018650r2023-02-23 00:00:00w2023-02-23yMONOGRAFIA